00573nam a22001697a 4500020001500000082003200015100002300047245006200070250001200132260005400144300002300198526003700221650001500258942001200273999001900285952009900304 a8174732330 a540.02462bKUMcN-01, P-159 aNeetu, Geol940093 aConcise engineering chemistry /cGeol Neetu, Sanjay Kumar a2nd ed. aIndia :bAITBS Publishers & Distributors,cc2005. axxi, 666 p. :bill a0b0c0d540_024620000000000_KUM aNUST96342 2ddccBK c544460d544460 00102ddc4070aMCEbMCEd2014-04-21l0o540.02462 KUMpMCE-39214r2014-04-21w2014-04-21yBK